|
|
|
|
| LEADER |
00000nab a2200000 a 4500 |
| 001 |
vtls000457412 |
| 003 |
SK-MaSNL |
| 005 |
20260304013903.0 |
| 008 |
241209c1992 xo 0 slo |
| 015 |
|
|
|a SNBRB19rr/mm-uuuuu
|
| 035 |
|
|
|a CL0457543
|
| 035 |
|
|
|a urn:nbn:sk:snk-abeocp
|
| 035 |
|
|
|a (urnnbn)urn:nbn:sk:snk:ar-0008k9
|
| 035 |
|
|
|a (uuid)eb8dba27-fbcd-48f2-942c-a7aa5a129abf
|
| 040 |
|
|
|a SNKBUCL
|b slo
|c SNKBUCL
|e AACR2
|
| 041 |
0 |
|
|a slo
|
| 044 |
|
|
|a xo
|c SK
|
| 080 |
|
|
|a 885.4-1
|2 1981
|
| 100 |
1 |
|
|a Bunčák, Pavel,
|d 1915-2000
|4 aut
|9 103653
|
| 245 |
1 |
0 |
|a V májovom daždi nečakanom /a iné/
|c Pavel Bunčák
|
| 500 |
|
|
|a Názvy ďalších básní: Vzbura kvetov, Prosba za dážď, Cesta.
|
| 655 |
|
7 |
|a slovenská poézia
|2 snkbucl
|9 70444
|
| 655 |
|
7 |
|a články z novín a časopisov
|2 snkbucl
|9 267496
|
| 655 |
|
7 |
|a články z odboru literárna veda a krásna literatúra
|2 snkbucl
|9 770045
|
| 773 |
0 |
|
|t Slovenské pohľady
|g Roč. 108, č. 4 (1992), s. 6-9
|
| 850 |
|
|
|a Slovenská národná knižnica
|
| 852 |
|
|
|a Slovenská národná knižnica
|
| 958 |
|
|
|a RK
|
| 958 |
|
|
|a LX
|
| 958 |
|
|
|a OND
|
| 958 |
|
|
|a EUIPO
|
| 958 |
|
|
|a article27
|
| 992 |
|
|
|a RBX
|
| 999 |
|
|
|c 2579080
|d 2581010
|